MARC

LEADER 00000nas a2200000 a 4500
001 ssj0015742
003 WaSeSS
005 20200512172242.0
006 m d
007 cr n
008 011114c20009999is fr pssg 0 0eng c
010 |a  2003251126 
016 7 |a 2113354 2  |2 DE-600 
022 |a 1565-3404  |y 1565-1509 
035 |a (WaSeSS)ssj0015742 
040 |a DLA  |b eng  |c DLA  |d OCLCQ  |d HVL  |d OCLCQ  |d UMC  |d OCLCQ  |d MUQ  |d OCLCQ  |d BUF  |d OCLCQ  |d MUX  |d OCLCF  |d DLC  |d OCLCQ  |d OCL  |d OCLCO  |d OCL  |d OCLCO  |d OCLCA  |d AU@  |d VT2  |d UUM  |d OCLCO  |d WaSeSS 
042 |a pcc 
043 |a a-is--- 
050 0 0 |a K24 
130 0 |a Theoretical inquiries in law (Online) 
245 1 0 |a Theoretical inquiries in law  |h [electronic resource]. 
260 |a Tel Aviv, Israel :  |b Cegla Institute for Comparative and Private International Law of the Tel Aviv University Faculty of Law,  |c ©2000- 
310 |a Semiannual 
362 0 |a Vol. 1, no. 1 (Jan. 2000)- 
490 1 |a Journals of legal scholarship 
500 |a Title from the Berkeley Electronic Press title screen (viewed Nov. 14, 2001). 
500 |a Each issue also has a distinctive title. 
506 |a License restrictions may limit access. 
538 |a Mode of access: World Wide Web. 
588 |a Latest issue consulted: Vol. 8, no. 2 (July 2007) (HeinOnline, viewed Jan. 28, 2008). 
650 0 |a Law reviews  |z Israel. 
650 0 |a Law  |v Periodicals. 
650 0 |a Jurisprudence  |v Periodicals. 
650 6 |a Revues de droit  |z Israël. 
650 6 |a Droit  |x Philosophie  |v Périodiques. 
650 7 |a Jurisprudence.  |2 fast  |0 (OCoLC)fst00985043 
650 7 |a Law.  |2 fast  |0 (OCoLC)fst00993678 
650 7 |a Law reviews.  |2 fast  |0 (OCoLC)fst00994120 
651 7 |a Israel.  |2 fast  |0 (OCoLC)fst01204236 
653 0 |a Law 
655 0 |a Electronic journals. 
710 2 |a Cegla Institute for Comparative and Private International Law (Universiṭat Tel-Aviv) 
710 2 |a Faḳulṭah le-mishpaṭim ʻa. sh. Bukhman. 
776 1 |t Theoretical inquiries in law  |x 1565-1509  |w (DLC) 00222252  |w (OCoLC)43791934 
830 0 |a Journals of legal scholarship. 
856 4 0 |z Full text available from Research Library: 01/01/2000 to 12/31/2001  |u https://search.proquest.com/publication/26822 
856 4 0 |z Full text available from Research Library: 07/01/2013 to 6 months ago  |u https://search.proquest.com/publication/26822